[Event "Mlada Boleslav Region-ch U20"]
[Site "Mlada Boleslav"]
[Date "2014.06.22"]
[Round "6"]
[White "Havelka, Jiri"]
[Black "Skypala, Ondrej"]
[Result "0-1"]
[WhiteElo "1505"]
[BlackElo "1485"]
[PlyCount "66"]
[EventDate "2014.06.21"]
[EventType "swiss"]
[EventRounds "7"]
[EventCountry "CZE"]
[SourceTitle "EXT 2016"]
[Source "ChessBase"]
[SourceDate "2015.10.08"]
[SourceVersion "1"]
[SourceVersionDate "2015.10.08"]
[SourceQuality "1"]

1. d4 Nf6 2. Nf3 g6 3. g3 Bg7 4. Bg2 0-0 5. 0-0 c6 6. c4 d5 7. b3 Bf5 8. h3 a6 9. Nc3 Be4 10. Bb2 Nfd7 11. Nxe4 dxe4 12. Ng5 e5 13. Nxe4 exd4 14. Bxd4 Ne5 15. f4 Nf3+ 16. Rxf3 Qxd4+ 17. Nf2 Qxa1 18. e4 Qxd1+ 19. Nxd1 Bd4+ 20. Kh2 c5 21. e5 Nc6 22. Nc3 Bxc3 23. Rxc3 Rad8 24. Bd5 Kg7 25. h4 Rd7 26. g4 Nb4 27. Be4 Nxa2 28. Rg3 Rfd8 29. h5 Rd4 30. Bb1 Nb4 31. hxg6 hxg6 32. f5 Rd2+ 33. Kh3 Rh8# 0-1

[Event "Mlada Boleslav Region-ch U20"]
[Site "Mlada Boleslav"]
[Date "2014.06.21"]
[Round "4"]
[White "Havelka, Jiri"]
[Black "Soukup, Jiri1111"]
[Result "0-1"]
[WhiteElo "1505"]
[BlackElo "1491"]
[PlyCount "46"]
[EventDate "2014.06.21"]
[EventType "swiss"]
[EventRounds "7"]
[EventCountry "CZE"]
[SourceTitle "EXT 2016"]
[Source "ChessBase"]
[SourceDate "2015.10.08"]
[SourceVersion "1"]
[SourceVersionDate "2015.10.08"]
[SourceQuality "1"]

1. d4 d5 2. e3 Nf6 3. Bd3 g6 4. f4 Bg4 5. Nf3 e6 6. 0-0 Bg7 7. Be2 Nc6 8. Nbd2 Qd6 9. h3 Bf5 10. Ne5 Nb4 11. Nd3 Bxd3 12. cxd3 Qc6 13. a3 Nc2 14. Rb1 Nxe3 15. Qe1 Nxf1 16. Bxf1 Qb6 17. Nf3 0-0 18. Be3 Rad8 19. Ne5 Nd7 20. Ng4 Bxd4 21. Kh1 Bxe3 22. Nxe3 Qd4 23. h4 Qxf4 0-1

[Event "Kouty nad Desnou op-B"]
[Site "Kouty nad Desnou"]
[Date "2014.03.10"]
[Round "3"]
[White "Miratsky, Petr"]
[Black "Havelka, Jiri"]
[Result "0-1"]
[WhiteElo "1637"]
[BlackElo "1528"]
[PlyCount "70"]
[EventDate "2014.03.08"]
[EventType "swiss"]
[EventRounds "9"]
[EventCountry "CZE"]
[SourceTitle "EXT 2015"]
[Source "ChessBase"]
[SourceDate "2014.11.20"]
[SourceVersion "1"]
[SourceVersionDate "2014.11.20"]
[SourceQuality "1"]

1. e4 c5 2. Nf3 e6 3. d4 cxd4 4. Nxd4 a6 5. Nc3 Qc7 6. Bd3 Bb4 7. Bd2 Nf6 8. 0-0 Nc6 9. Nf3 0-0 10. a3 Bc5 11. b4 Ba7 12. Ne2 b5 13. Bf4 e5 14. Bg5 Qd6 15. Ng3 h6 16. Nf5 Qc7 17. Nxh6+ gxh6 18. Bxf6 Qd6 19. Bh4 Qg6 20. c4 bxc4 21. Bxc4 d6 22. Bd5 Bd7 23. Rc1 Rac8 24. Qb3 Nd4 25. Nxd4 Bxd4 26. Kh1 Qh5 27. Be7 Rxc1 28. Rxc1 Rc8 29. Rxc8+ Bxc8 30. Bxd6 Qe2 31. Bxf7+ Kh8 32. Qb1 Bh3 33. gxh3 Qf3+ 34. Kg1 Qxf2+ 35. Kh1 Qf3# 0-1

[Event "Czech Fed-ch U14"]
[Site "Hrdonov"]
[Date "2013.11.01"]
[Round "8"]
[White "Solc, Filip"]
[Black "Havelka, Jiri"]
[Result "1-0"]
[WhiteElo "1676"]
[BlackElo "1488"]
[PlyCount "75"]
[EventDate "2013.10.26"]
[EventType "swiss"]
[EventRounds "9"]
[EventCountry "CZE"]
[SourceTitle "EXT 2016"]
[Source "ChessBase"]
[SourceDate "2015.10.08"]
[SourceVersion "1"]
[SourceVersionDate "2015.10.08"]
[SourceQuality "1"]

1. Nc3 d5 2. e4 e6 3. exd5 exd5 4. d4 c6 5. Bd3 Bd6 6. Nge2 f5 7. Bf4 Nf6 8. Bxd6 Qxd6 9. f3 0-0 10. Qd2 Be6 11. Qf4 Ne8 12. 0-0-0 a5 13. Rhe1 b5 14. Qxd6 Nxd6 15. Nf4 Bd7 16. Re7 Rf7 17. Rde1 Na6 18. a3 Kf8 19. Rxf7+ Kxf7 20. Bf1 Re8 21. Rxe8 Kxe8 22. a4 Nc7 23. axb5 Ndxb5 24. Bxb5 g5 25. Nfxd5 Nxd5 26. Nxd5 cxd5 27. Bxd7+ Kxd7 28. Kd2 Kc6 29. b3 Kb5 30. c3 a4 31. bxa4+ Kxa4 32. Kc2 Ka5 33. Kb3 Kb5 34. g4 f4 35. h3 Kc6 36. c4 h6 37. cxd5+ Kxd5 38. Kc3 1-0

[Event "Czech Fed-ch U14"]
[Site "Hrdonov"]
[Date "2013.10.30"]
[Round "6"]
[White "Steinbauer, Filip"]
[Black "Havelka, Jiri"]
[Result "1/2-1/2"]
[WhiteElo "1604"]
[BlackElo "1488"]
[PlyCount "60"]
[EventDate "2013.10.26"]
[EventType "swiss"]
[EventRounds "9"]
[EventCountry "CZE"]
[SourceTitle "EXT 2016"]
[Source "ChessBase"]
[SourceDate "2015.10.08"]
[SourceVersion "1"]
[SourceVersionDate "2015.10.08"]
[SourceQuality "1"]

1. e4 c5 2. Nf3 e6 3. d4 cxd4 4. Nxd4 a6 5. Nc3 Qc7 6. Be3 Bb4 7. Bd2 Qe5 8. Nf3 Qc7 9. Bd3 Nc6 10. 0-0 Nf6 11. Re1 d6 12. Qe2 e5 13. Bc4 Bg4 14. Qe3 Bc5 15. Qg5 0-0 16. Kh1 Bxf2 17. Nd5 Nxd5 18. Bxd5 Bxe1 19. Rxe1 Be6 20. Nh4 Bxd5 21. exd5 Ne7 22. Re3 Qxc2 23. Bc3 Qc1+ 24. Be1 Ng6 25. Nf5 Qc4 26. Rf3 Qe2 27. Qg3 Rac8 28. Kg1 Rfd8 29. h4 Rc1 30. Rf1 Rd1 1/2-1/2

[Event "Czech Fed-ch U14"]
[Site "Hrdonov"]
[Date "2013.10.28"]
[Round "3"]
[White "Havelka, Jiri"]
[Black "Spicka, Jan"]
[Result "1-0"]
[WhiteElo "1488"]
[BlackElo "1590"]
[PlyCount "67"]
[EventDate "2013.10.26"]
[EventType "swiss"]
[EventRounds "9"]
[EventCountry "CZE"]
[SourceTitle "EXT 2016"]
[Source "ChessBase"]
[SourceDate "2015.10.08"]
[SourceVersion "1"]
[SourceVersionDate "2015.10.08"]
[SourceQuality "1"]

1. d4 d5 2. e3 e6 3. c3 c5 4. Bd3 c4 5. Bc2 Bd6 6. f4 Nc6 7. Nf3 Nf6 8. Nbd2 a5 9. Ne5 Qc7 10. 0-0 b5 11. a3 Rb8 12. Rf3 b4 13. Nxc6 Qxc6 14. Ba4 Rb5 15. axb4 axb4 16. Bxb5 Qxb5 17. Qa4 Qxa4 18. Rxa4 b3 19. h3 0-0 20. g4 Bd7 21. Ra6 Bc7 22. Kg2 Bb5 23. Ra1 Nd7 24. g5 Nb6 25. h4 f5 26. gxf6 Rxf6 27. Rg3 g6 28. h5 Kg7 29. hxg6 hxg6 30. Nf3 Rf7 31. Nh4 Rf6 32. Ra7 Rf7 33. Nxg6 Kh7 34. Nf8+ 1-0

[Event "Mlada Boleslav Region-ch U20"]
[Site "Mlada Boleslav"]
[Date "2013.06.23"]
[Round "7"]
[White "Havelka, Jiri"]
[Black "Civin, Dominik"]
[Result "0-1"]
[WhiteElo "1479"]
[BlackElo "1600"]
[PlyCount "50"]
[EventDate "2013.06.22"]
[EventType "swiss"]
[EventRounds "7"]
[EventCountry "CZE"]
[SourceTitle "EXT 2015"]
[Source "ChessBase"]
[SourceDate "2014.11.20"]
[SourceVersion "1"]
[SourceVersionDate "2014.11.20"]
[SourceQuality "1"]

1. d4 d5 2. e3 e6 3. c3 Bd6 4. Bd3 Nf6 5. f4 Nbd7 6. Nf3 Ne4 7. 0-0 f5 8. Ne5 0-0 9. Rf3 Nxe5 10. fxe5 Be7 11. Rh3 Bd7 12. Qh5 h6 13. Bxe4 fxe4 14. Qg6 Bg5 15. Rg3 Qe7 16. Qh5 Rf5 17. Qe2 Raf8 18. Nd2 Be8 19. b3 Bh4 20. Rh3 Bh5 21. g4 Qg5 22. Rxh4 Qxh4 23. gxh5 Rf2 24. Nf3 R8xf3 25. h3 Qg3+ 0-1

[Event "Mlada Boleslav Region-ch U20"]
[Site "Mlada Boleslav"]
[Date "2013.06.23"]
[Round "6"]
[White "Soukup, Jiri1111"]
[Black "Havelka, Jiri"]
[Result "1/2-1/2"]
[WhiteElo "1314"]
[BlackElo "1479"]
[PlyCount "49"]
[EventDate "2013.06.22"]
[EventType "swiss"]
[EventRounds "7"]
[EventCountry "CZE"]
[SourceTitle "EXT 2015"]
[Source "ChessBase"]
[SourceDate "2014.11.20"]
[SourceVersion "1"]
[SourceVersionDate "2014.11.20"]
[SourceQuality "1"]

1. e4 c5 2. Nf3 d6 3. Bc4 e6 4. Nc3 Nf6 5. d3 a6 6. Bg5 Be7 7. e5 dxe5 8. Nxe5 Nbd7 9. Nxd7 Nxd7 10. Bxe7 Qxe7 11. 0-0 0-0 12. Re1 b5 13. Bb3 Qg5 14. Re3 Bb7 15. Rg3 Qf6 16. Qe2 Nb6 17. Ne4 Bxe4 18. Qxe4 Rad8 19. c3 Rd6 20. Re1 Rc8 21. Bc2 h6 22. Ree3 g5 23. Ref3 Qg7 24. h4 f5 25. Qe2 1/2-1/2

[Event "Mlada Boleslav Region-ch U20"]
[Site "Mlada Boleslav"]
[Date "2013.06.22"]
[Round "1"]
[White "Havelka, Jiri"]
[Black "Jirousek, Tadeas"]
[Result "1-0"]
[WhiteElo "1479"]
[BlackElo "1250"]
[PlyCount "34"]
[EventDate "2013.06.22"]
[EventType "swiss"]
[EventRounds "7"]
[EventCountry "CZE"]
[SourceTitle "EXT 2015"]
[Source "ChessBase"]
[SourceDate "2014.11.20"]
[SourceVersion "1"]
[SourceVersionDate "2014.11.20"]
[SourceQuality "1"]

1. e4 e6 2. d4 d5 3. exd5 exd5 4. c3 Nf6 5. Bd3 Bd6 6. Nf3 0-0 7. 0-0 Nc6 8. Qc2 h6 9. Be3 Bg4 10. Nbd2 Qd7 11. h4 Be6 12. Rfe1 Ne7 13. Ne5 Qc8 14. f4 Bf5 15. g4 Bxd3 16. Qxd3 Nd7 17. Nef3 Nf6 1-0

[Event "Czech Fed-ch U12"]
[Site "Hrdonov"]
[Date "2012.10.21"]
[Round "2"]
[White "Havelka, Jiri"]
[Black "Otruba, Marek"]
[Result "1/2-1/2"]
[WhiteElo "1470"]
[BlackElo "1379"]
[PlyCount "50"]
[EventDate "2012.10.20"]
[EventType "swiss"]
[EventRounds "9"]
[EventCountry "CZE"]
[SourceTitle "CBM 151 Extra"]
[Source "ChessBase"]
[SourceDate "2012.12.18"]
[SourceVersion "1"]
[SourceVersionDate "2012.12.18"]
[SourceQuality "1"]

1. e4 d5 2. exd5 Nf6 3. Nf3 Nxd5 4. Bc4 Nb6 5. Bb3 Bg4 6. Ne5 Be6 7. Bxe6 fxe6 8. Qf3 Qd5 9. Qf7+ Kd8 10. Qh5 Qxg2 11. Nf7+ Kc8 12. Rf1 Qe4+ 13. Kd1 g6 14. Qh3 Rg8 15. Re1 Qf5 16. Ng5 Qxg5 17. Qxe6+ N8d7 18. Qxg8 Qg4+ 19. Re2 Qg1+ 20. Re1 Qg4+ 21. Re2 Qg1+ 22. Re1 Qg4+ 23. Re2 Qg1+ 24. Re1 Qg4+ 25. f3 Qxf3+ 1/2-1/2

[Event "Mlada Boleslav Region-ch U20"]
[Site "Mlada Boleslav"]
[Date "2012.06.24"]
[Round "7"]
[White "Havelka, Jiri"]
[Black "Vilimova, Julie"]
[Result "1/2-1/2"]
[WhiteElo "1456"]
[BlackElo "1512"]
[PlyCount "40"]
[EventDate "2012.06.23"]
[EventType "swiss"]
[EventRounds "7"]
[EventCountry "CZE"]
[SourceTitle "EXT 2014"]
[Source "ChessBase"]
[SourceDate "2013.11.20"]
[SourceVersion "1"]
[SourceVersionDate "2013.11.20"]
[SourceQuality "1"]

1. e4 c5 2. Nc3 Nc6 3. g3 g6 4. Bg2 Bg7 5. Nge2 Nf6 6. 0-0 0-0 7. d3 d6 8. Be3 Be6 9. h3 h6 10. Qd2 Kh7 11. Kh2 Qd7 12. f4 Qc8 13. Rf2 Bd7 14. Raf1 Qc7 15. Kg1 Qc8 16. Kh2 Qc7 17. a3 a6 18. Kg1 Qc8 19. Kh2 Qc7 20. Kg1 Qc8 1/2-1/2